[Event "Bastia FRA, Corsica Masters 2005"]
[Site "?"]
[Date "2005.11.04"]
[Round "2.1"]
[White "Anand Viswanathan"]
[Black "Gurevich Mikhail"]
[Result "1-0"]
[WhiteElo "2788"]
[BlackElo "2652"]
[PlyCount "41"]
[EventDate "2005.??.??"]
[Source "www.chesslib.no"]
[SourceDate "2004.05.04"]

1. e4 d6 2. d4 Nf6 3. f3 g6 4. Be3 c6 5. Qd2 Nbd7 6. c4 a6 7. a4 a5 8. Nc3 e5 9. d5 Nc5 10. Ra3 Bg7 11. Nge2 O-O 12. g4 Bxg4 13. fxg4 Nxg4 14. Bxc5 Qh4+ 15. Ng3 dxc5 16. Qg2 f5 17. exf5 e4 18. Ncxe4 Rae8 19. fxg6 Rf2 20. Qh3 Rxe4+ 21. Nxe4 1-0

[Event "Venacu FRA, 1. Open"]
[Site "?"]
[Date "2005.10.29"]
[Round "14"]
[White "Anand Viswanathan"]
[Black "Gurevich Mikhail"]
[Result "1-0"]
[WhiteElo "2788"]
[BlackElo "2652"]
[PlyCount "81"]
[EventDate "2005.??.??"]
[Source "www.chesslib.no"]
[SourceDate "2004.05.04"]

1. e4 d6 2. d4 Nf6 3. f3 g6 4. Be3 Bg7 5. Qd2 Nc6 6. Nc3 e5 7. d5 Nd4 8. Nge2 Nxe2 9. Bxe2 O-O 10. g4 c5 11. dxc6 bxc6 12. O-O-O d5 13. exd5 Qa5 14. dxc6 Be6 15. g5 Rfd8 16. Qe1 Nd5 17. Nxd5 Qxa2 18. c4 Rdb8 19. Qc3 Rb3 20. Qc2 e4 21. Bd4 exf3 22. Ne7+ Kf8 23. Bxg7+ Kxg7 24. Rd3 fxe2 25. Rxb3 Qa1+ 26. Qb1 Qa4 27. Re3 Qb4 28. Qe4 Qxe7 29. Qe5+ Kg8 30. Rxe2 Rc8 31. Rd1 Rxc6 32. b3 Qa3+ 33. Qb2 Qe7 34. h4 Rc8 35. Rd4 a5 36. Qa1 Qc7 37. Red2 Qb6 38. Rd6 Qg1+ 39. Kb2 Qe3 40. Rd8+ Rxd8 41. Rxd8+ 1-0

[Event "Beograd 71/105"]
[Site "?"]
[Date "1997.??.??"]
[Round "?"]
[White "Ivanchuk, Vassily"]
[Black "Beliavsky, Alexander G"]
[Result "1-0"]
[WhiteElo "2725"]
[BlackElo "2710"]
[PlyCount "81"]
[EventDate "1997.??.??"]
[Source "ChessBase"]
[SourceDate "1997.10.01"]

1. e4 d6 2. d4 Nf6 3. f3 e5 4. Ne2 Be7 5. c4 O-O 6. Be3 c6 7. Qd2 Nbd7 8. d5 cxd5 9. cxd5 Nh5 10. Nbc3 Nb6 11. b3 h6 12. O-O-O Bg5 13. g4 Bxe3 14. Qxe3 Nf6 15. Ng3 a5 16. h4 a4 17. Kb2 axb3 18. axb3 Nbd7 19. Bb5 Nc5 20. b4 Na6 21. Ra1 Nh7 22. Nf1 Bd7 23. Bxd7 Qxd7 24. Qb6 Rfc8 25. Ne3 Nf6 26. Kb3 Ne8 27. Nc4 Qe7 28. Qe3 Rd8 29. g5 h5 30. Rhc1 g6 31. Nb5 Rab8 32. f4 Qd7 33. Ra5 exf4 34. Qxf4 Rbc8 35. Rc3 Qe7 36. Ra2 Nac7 37. Nd4 Ra8 38. Rf2 Ra1 39. Rcf3 Rb1+ 40. Kc3 Rd7 41. Nb6 1-0

[Event "World Blitz"]
[Site "Moscow RUS"]
[Date "2007.11.22"]
[Round "21"]
[White "Rublevsky, S."]
[Black "Mamedyarov, S."]
[Result "0-1"]
[WhiteElo "2676"]
[BlackElo "2752"]
[PlyCount "104"]
[EventDate "2007.11.21"]
[Source "www.chesslib.no"]
[SourceDate "2004.05.04"]

1. e4 d6 2. d4 Nf6 3. Nd2 g6 4. Ngf3 Bg7 5. Be2 O-O 6. O-O c5 7. dxc5 dxc5 8. c3 Nc6 9. Qc2 Qc7 10. Re1 b6 11. Nf1 Bb7 12. Ng3 Rad8 13. Be3 Ng4 14. Bd2 h5 15. Rad1 Nce5 16. h3 Nxf3+ 17. Bxf3 Ne5 18. Be2 c4 19. Bg5 b5 20. Rxd8 Rxd8 21. Rd1 Re8 22. Be3 a6 23. Bd4 Rd8 24. Nf1 Qc6 25. f3 Rd6 26. Ne3 e6 27. f4 Nd3 28. e5 Rd7 29. Bxd3 cxd3 30. Qxd3 Bh6 31. Qf1 Qe4 32. Re1 Bxf4 33. Nc4 Qxg2+ 34. Qxg2 Bxg2 35. Nb6 Rxd4 36. cxd4 Bxh3 37. d5 exd5 38. Nxd5 Bg5 39. Nf6+ Kg7 40. Ne4 Bf4 41. Nc5 a5 42. e6 Bd6 43. Nb7 Be7 44. exf7 Kxf7 45. Nxa5 Bb4 46. Re5 Bxa5 47. Rxb5 Bd7 48. a4 Ke6 49. Rb7 g5 50. b3 g4 51. Kf2 Kd6 52. Kg3 h4+ 0-1

[Event "Hoogovens"]
[Site "Wijk aan Zee"]
[Date "1998.??.??"]
[Round "6"]
[White "Kramnik, Vladimir"]
[Black "Timman, Jan H"]
[Result "1/2-1/2"]
[WhiteElo "2790"]
[BlackElo "2635"]
[PlyCount "59"]
[EventDate "1998.01.16"]
[Source "ChessBase"]
[SourceDate "1998.04.09"]

1. Nf3 g6 2. e4 d6 3. d4 Nf6 4. Bd3 Bg7 5. O-O O-O 6. c3 Nc6 7. Re1 e5 8. h3 Bd7 9. Nbd2 Nh5 10. Nb3 a5 11. a4 Re8 12. Bg5 Qc8 13. Qd2 exd4 14. Nbxd4 Ne5 15. Nxe5 dxe5 16. Nb5 Be6 17. Bf1 Nf6 18. Qc2 Nd7 19. Na3 Bf8 20. Nc4 Bc5 21. Nxa5 f6 22. Bc1 Rxa5 23. b4 Ra8 24. bxc5 Nxc5 25. Be3 Nb3 26. Rab1 Na5 27. c4 Qd7 28. c5 Qf7 29. Qc3 Bc4 30. c6 1/2-1/2

[Event "EUCup 17th"]
[Site "Panormo"]
[Date "2001.09.29"]
[Round "7"]
[White "Ivanchuk, Vassily"]
[Black "Azmaiparashvili, Zurab"]
[Result "1-0"]
[WhiteElo "2731"]
[BlackElo "2674"]
[PlyCount "71"]
[EventDate "2001.09.22"]
[Source "ChessBase"]
[SourceDate "2001.10.26"]

1. e4 d6 2. Nc3 e5 3. Bc4 Nf6 4. d3 c6 5. f4 Bg4 6. Nf3 exf4 7. h3 Bxf3 8. Qxf3 Nbd7 9. Bxf4 Ne5 10. Qe2 Nxc4 11. dxc4 Nd7 12. O-O-O Qf6 13. Rhf1 Qe6 14. Qd2 Qxc4 15. Bxd6 Bxd6 16. e5 O-O 17. exd6 Rad8 18. Rfe1 Nf6 19. g4 b5 20. g5 Nd7 21. Qf2 f5 22. Qxa7 Qh4 23. Re7 b4 24. Ne2 Qxg5+ 25. Kb1 Nf6 26. Rg1 Ng4 27. hxg4 fxg4 28. Ng3 Qg6 29. Ne4 Rf4 30. Qe3 Rdf8 31. b3 R4f5 32. d7 Rd5 33. Nc5 h5 34. Re8 Qf7 35. Rxf8+ Qxf8 36. Qe8 1-0

[Event "Madrid"]
[Site "?"]
[Date "1996.??.??"]
[Round "?"]
[White "Gelfand, B."]
[Black "Adams, Mi"]
[Result "1/2-1/2"]
[WhiteElo "2700"]
[BlackElo "2660"]
[PlyCount "127"]
[EventDate "1996.??.??"]
[Source "ChessBase"]
[SourceDate "1996.02.01"]

1. d4 d6 2. e4 Nf6 3. Nc3 g6 4. g3 Bg7 5. Bg2 O-O 6. Nge2 e5 7. h3 Nc6 8. Be3 Bd7 9. O-O exd4 10. Nxd4 Re8 11. Nde2 b5 12. a3 a5 13. g4 b4 14. axb4 axb4 15. Rxa8 Qxa8 16. Nd5 Nxd5 17. exd5 Ne5 18. b3 c5 19. Ng3 Qc8 20. Ne4 Qb8 21. f4 Nxg4 22. hxg4 f5 23. gxf5 gxf5 24. Ng5 Rxe3 25. Qh5 h6 26. Qf7+ Kh8 27. Qxd7 hxg5 28. fxg5 Bd4 29. Kh1 Qe8 30. Qxd6 Qh5+ 31. Qh2 Qxh2+ 32. Kxh2 Kg7 33. Rxf5 Kg6 34. Rf8 Kxg5 35. Bf1 Re5 36. Bc4 Rf5 37. Rd8 Be5+ 38. Kg2 Rf6 39. Re8 Bd6 40. Bd3 Rf8 41. Re6 Rf6 42. Re3 Rf4 43. Be2 Rf5 44. Bc4 Re5 45. Rg3+ Kf6 46. Rh3 Rg5+ 47. Kf3 Rf5+ 48. Ke2 Re5+ 49. Kd3 Rg5 50. Rh4 Rg3+ 51. Ke4 Kg5 52. Rh8 Rg4+ 53. Ke3 Rh4 54. Rg8+ Kf6 55. Re8 Rh3+ 56. Ke4 Rh4+ 57. Kf3 Kg5 58. Ba6 Rd4 59. Bb7 c4 60. Rd8 Rf4+ 61. Ke2 Re4+ 62. Kf3 Rf4+ 63. Ke2 Re4+ 64. Kf3 1/2-1/2

[Event "Pune"]
[Site "?"]
[Date "2004.??.??"]
[Round "?"]
[White "Sutovsky, E."]
[Black "Nisipeanu, L._D."]
[Result "0-1"]
[WhiteElo "2675"]
[BlackElo "2685"]
[PlyCount "132"]
[EventDate "2004.??.??"]
[Source "Chess Informant"]
[SourceDate "2004.06.01"]

1. e4 d6 2. Nc3 e5 3. f4 exf4 4. Bc4 Qh4+ 5. Kf1 Be6 6. Qe2 Nc6 7. Nf3 Qh5 8. Nd5 O-O-O 9. Nxf4 Bxc4 10. Qxc4 Qg4 11. Qxf7 Nh6 12. Qe6+ Qxe6 13. Nxe6 Re8 14. Neg5 Ng4 15. d3 h6 16. Nh3 d5 17. Nf2 Nxf2 18. Kxf2 dxe4 19. dxe4 Rxe4 20. Be3 Bd6 21. Rae1 Rf8 22. Bd2 Bc5+ 23. Kg3 Rc4 24. c3 Bd6+ 25. Kf2 Ne5 26. Ke2 Re4+ 27. Kd1 Rxe1+ 28. Nxe1 Rf2 29. b3 Ng4 30. h4 Nh2 31. c4 Nf1 32. Bc3 Ng3 33. Rh3 Ne4 34. Bxg7 Rd2+ 35. Kc1 Ba3+ 36. Kb1 Rd1+ 37. Kc2 Rd2+ 38. Kb1 Rd1+ 39. Kc2 Rxe1 40. Bxh6 Rg1 41. Be3 Rxg2+ 42. Kd3 Nf2+ 43. Bxf2 Rxf2 44. h5 Rf7 45. Ke4 Bf8 46. Rd3 Rf6 47. Ke5 Bg7 48. Ke4 Bh6 49. Rg3 Kd7 50. Rd3+ Ke7 51. Rd5 b6 52. Rd3 c6 53. Rg3 Rf4+ 54. Kd3 c5 55. Rg6 Rd4+ 56. Ke2 Rd6 57. Rg8 Kf6 58. Kf3 Ke5 59. Kg4 Rf6 60. Rd8 a5 61. a4 Ke4 62. Rd7 Rf4+ 63. Kg3 Rf3+ 64. Kg4 Rxb3 65. Rd6 Rg3+ 66. Kh4 Bg5+ 0-1

[Event "Bermuda (m/7) 74/107"]
[Site "?"]
[Date "1999.??.??"]
[Round "?"]
[White "Seirawan, Yasser"]
[Black "Adams, Michael"]
[Result "1/2-1/2"]
[WhiteElo "2643"]
[BlackElo "2716"]
[PlyCount "93"]
[Source "ChessBase"]
[SourceDate "1998.10.01"]

1. d4 d6 2. e4 Nf6 3. f3 d5 4. e5 Nfd7 5. f4 c5 6. Nf3 Nc6 7. c4 e6 8. cxd5 exd5 9. Nc3 cxd4 10. Nxd4 Ndxe5 11. Bb5 Bd7 12. Nxd5 Bc5 13. Nb3 Bg4 14. Qd2 Qh4+ 15. Kf1 O-O-O 16. Nxc5 Be6 17. Nxe6 fxe6 18. g3 Qh3+ 19. Qg2 Qxg2+ 20. Kxg2 Rxd5 21. Ba4 Nd3 22. Bb3 Rd6 23. Be3 b6 24. Rhf1 g6 25. Rab1 Kb7 26. Bd1 Rc8 27. Bf3 Kb8 28. Rfd1 Rcd8 29. Bxc6 Rxc6 30. Rd2 Rd5 31. Rbd1 Rcd6 32. b3 Nb4 33. Rxd5 Nxd5 34. Kf2 Rc6 35. Rd2 Kc7 36. Bd4 Rc1 37. Bb2 Rh1 38. Kf3 h5 39. Be5+ Kd7 40. Rc2 a5 41. Rd2 Rc1 42. Kg2 Ke8 43. Kh3 Kf7 44. Kh4 b5 45. Bb2 Rc5 46. Be5 Rc1 47. Bb2 1/2-1/2

[Event "Portoroz"]
[Site "?"]
[Date "1997.??.??"]
[Round "?"]
[White "Beliavsky, A."]
[Black "Azmaiparashvili, Z."]
[Result "1-0"]
[WhiteElo "2710"]
[BlackElo "2645"]
[PlyCount "157"]
[EventDate "1997.??.??"]
[Source "ChessBase"]
[SourceDate "1997.06.01"]

1. Nf3 g6 2. e4 d6 3. d4 Nf6 4. Bd3 Bg7 5. O-O O-O 6. Re1 Nc6 7. c3 e5 8. h3 Nh5 9. Be3 d5 10. Bg5 f6 11. exd5 fxg5 12. dxc6 exd4 13. Qb3+ Kh8 14. cxb7 Bxb7 15. Qxb7 dxc3 16. Nxc3 Qxd3 17. Rad1 Qf5 18. Qxc7 g4 19. hxg4 Qxg4 20. Qd7 Qxd7 21. Rxd7 Rab8 22. Na4 a5 23. Ng5 Rb5 24. Ne6 Re8 25. b3 Be5 26. Nac5 Nf6 27. Rdd1 Bc3 28. Re3 Bb4 29. Rf3 Bxc5 30. Nxc5 Rxc5 31. Rxf6 Kg7 32. Rf3 Re7 33. Rd2 h5 34. Rfd3 Kh6 35. Rd4 Re6 36. f3 g5 37. Rd6 Rg6 38. Kf2 h4 39. R6d5 Rgc6 40. Rxc5 Rxc5 41. Ke3 Kh5 42. Kd4 Rf5 43. Rc2 g4 44. Ke4 Kg5 45. Rc8 gxf3 46. gxf3 Rb5 47. f4+ Kf6 48. Rc6+ Ke7 49. Kf3 a4 50. Rc3 h3 51. Kg3 Rh5 52. Kh2 axb3 53. Rxb3 Rh4 54. Rf3 Ke6 55. a4 Kf5 56. a5 Kg4 57. Rf2 Rh6 58. f5 Rf6 59. Rf1 Kh4 60. Rf3 Kg4 61. Rg3+ Kf4 62. Rg1 Ke3 63. Re1+ Kd2 64. Re5 Kd3 65. a6 Rxa6 66. Kxh3 Kd4 67. Re6 Ra8 68. Kg4 Rg8+ 69. Kf4 Kd5 70. Ra6 Rg1 71. f6 Rf1+ 72. Kg5 Ke5 73. Kg6 Rg1+ 74. Kf7 Rb1 75. Kg7 Rg1+ 76. Kf8 Kf5 77. f7 Re1 78. Kg7 Rg1+ 79. Kh7 1-0

[Event "Baden_Baden (m)"]
[Site "?"]
[Date "1992.??.??"]
[Round "?"]
[White "Kasparov, Garry"]
[Black "Wahls, M."]
[Result "1-0"]
[WhiteElo "2780"]
[BlackElo "2570"]
[PlyCount "73"]
[EventDate "1992.??.??"]
[Source "ChessBase"]
[SourceDate "1992.02.01"]

1. e4 d6 2. d4 Nf6 3. f3 e5 4. d5 c6 5. c4 Qb6 6. Nc3 Be7 7. Nge2 O-O 8. Ng3 cxd5 9. Na4 Qc7 10. cxd5 Bd7 11. Be3 Rc8 12. Nc3 Na6 13. Be2 Bd8 14. O-O Qa5 15. Kh1 Nc5 16. Bd2 Ne8 17. f4 exf4 18. Bxf4 Bf6 19. Bg4 Qd8 20. Bxd7 Qxd7 21. Qf3 Rc7 22. Nf5 Bxc3 23. bxc3 Na4 24. Qg3 Nxc3 25. Rae1 f6 26. Bxd6 Nxd6 27. Nxd6 Kh8 28. e5 Nxd5 29. e6 Qc6 30. Rd1 Rf8 31. Nf7+ Kg8 32. Rxd5 Qxd5 33. Qxc7 Qxe6 34. Nd6 Qxa2 35. Qxb7 Qe2 36. Qd5+ Kh8 37. Nf7+ 1-0

[Event "Kloosters"]
[Site "Ter Apel"]
[Date "1997.03.20"]
[Round "4"]
[White "Andersson, Ulf"]
[Black "Shirov, Alexei"]
[Result "1/2-1/2"]
[WhiteElo "2655"]
[BlackElo "2690"]
[PlyCount "29"]
[EventDate "1997.03.17"]
[Source "ChessBase"]

1. Nf3 Nf6 2. d4 g6 3. g3 Bg7 4. Bg2 O-O 5. O-O d6 6. Nc3 Nbd7 7. e4 e5 8. h3 c6 9. a4 Qc7 10. Be3 b6 11. Qd2 Bb7 12. Bh6 a6 13. Bxg7 Kxg7 14. Rad1 b5 15. dxe5 1/2-1/2

[Event "Rubinstein mem"]
[Site "Polanica Zdroj"]
[Date "2000.08.26"]
[Round "9"]
[White "Fedorov, Alexei"]
[Black "Svidler, Peter"]
[Result "1/2-1/2"]
[WhiteElo "2646"]
[BlackElo "2689"]
[PlyCount "29"]
[EventDate "2000.08.17"]
[Source "ChessBase"]
[SourceDate "2000.11.21"]

1. e4 d6 2. d4 Nf6 3. Bd3 e5 4. c3 g6 5. Nf3 Nbd7 6. O-O Bg7 7. Bg5 h6 8. Bh4 O-O 9. Nbd2 b6 10. a4 a6 11. Qc2 Bb7 12. dxe5 Nxe5 13. Nxe5 dxe5 14. Nc4 Qe7 15. b4 1/2-1/2

[Event "It (Men) Cuernavaca MEX"]
[Site "?"]
[Date "2006.02.10"]
[Round "8"]
[White "Ponomariov Ruslan"]
[Black "Felgaer Ruben"]
[Result "1-0"]
[WhiteElo "2723"]
[BlackElo "2607"]
[PlyCount "89"]
[EventDate "2006.??.??"]
[Source "www.chesslib.no"]
[SourceDate "2004.05.04"]

1. e4 d6 2. d4 Nf6 3. f3 c5 4. d5 e6 5. c4 b5 6. cxb5 exd5 7. exd5 Be7 8. Bc4 Nbd7 9. Ne2 Nb6 10. b3 Nfd7 11. a4 Bf6 12. Ra2 Ne5 13. Na3 a6 14. O-O Nexc4 15. bxc4 axb5 16. Nxb5 Nxc4 17. Qc2 Ne5 18. f4 Ng6 19. Ng3 O-O 20. Ne4 Bf5 21. Qc4 Bxe4 22. Qxe4 Re8 23. Qc4 Qd7 24. Kh1 Ne7 25. Re2 Nc8 26. Rxe8+ Qxe8 27. Qb3 Qe7 28. Bd2 Nb6 29. Re1 Qd7 30. a5 c4 31. Qb4 Nxd5 32. Qxc4 Ne7 33. Nd4 d5 34. Qb5 Qd6 35. Bb4 Qxf4 36. Bxe7 Bxd4 37. Qxd5 Rc8 38. Qd7 Rb8 39. Bh4 Rf8 40. Bg3 Qd2 41. a6 Qb4 42. a7 h5 43. Rd1 Bc5 44. Bd6 Ra8 45. Qc6 1-0

[Event "EU-chT (Men)"]
[Site "Pula"]
[Date "1997.??.??"]
[Round "7"]
[White "Short, Nigel D"]
[Black "Chernin, Alexander"]
[Result "1-0"]
[WhiteElo "2690"]
[BlackElo "2635"]
[PlyCount "71"]
[EventDate "1997.05.05"]
[Source "ChessBase"]

1. e4 d6 2. Nc3 g6 3. Bc4 Bg7 4. f4 e6 5. Nf3 Ne7 6. Bb3 c5 7. d4 cxd4 8. Nxd4 O-O 9. O-O a6 10. Kh1 Nbc6 11. Be3 Na5 12. a4 Qc7 13. Qd3 Nec6 14. Rad1 Rd8 15. f5 Ne5 16. Qe2 Nac4 17. Bc1 Bd7 18. Qe1 Rdc8 19. Qh4 Qd8 20. Bg5 Qe8 21. f6 Bh8 22. Nf3 Nxb2 23. Rxd6 Nbc4 24. Rd4 Nxf3 25. Rxf3 Ne5 26. Rh3 h5 27. Ne2 Rc5 28. Nf4 Ng4 29. Nxh5 Rxg5 30. Qxg5 Nf2+ 31. Kg1 Nxh3+ 32. gxh3 Bc6 33. Nf4 Kh7 34. e5 Bf3 35. Kf2 Qc6 36. Rc4 1-0

[Event "Corr"]
[Site "?"]
[Date "1994.??.??"]
[Round "?"]
[White "Kauppala Pekka"]
[Black "Timmerman Gert J"]
[Result "0-1"]
[WhiteElo "2615"]
[BlackElo "2710"]
[PlyCount "160"]
[EventDate "1994.??.??"]
[Source "www.chesslib.no"]
[SourceDate "2004.05.04"]

1. g3 g6 2. Bg2 Bg7 3. d4 Nf6 4. e4 d6 5. Ne2 O-O 6. O-O e5 7. h3 c6 8. Nbc3 b5 9. Re1 Bb7 10. dxe5 dxe5 11. Qxd8 Rxd8 12. Be3 Nbd7 13. a4 b4 14. Nb1 c5 15. Nd2 Bf8 16. Nc1 Rac8 17. Ncb3 Ba6 18. Na5 Nb6 19. b3 Ne8 20. Bf1 Bxf1 21. Kxf1 Nd6 22. f3 f5 23. Red1 fxe4 24. fxe4 Be7 25. Ke2 Kf7 26. Rac1 Ke6 27. c3 bxc3 28. Rxc3 Nd7 29. Nac4 Nf6 30. Nxd6 Rxd6 31. Rd3 Rxd3 32. Kxd3 Rd8+ 33. Kc2 h5 34. Rg1 a6 35. Rg2 Rb8 36. Re2 Nd7 37. Nc4 Rf8 38. Rf2 Nf6 39. Nd2 Rb8 40. Re2 Nd7 41. Kc3 Rb4 42. Nc4 Nb6 43. Nxb6 Rxb6 44. Kc2 Rb8 45. h4 c4 46. bxc4 Rb4 47. Kc3 Rxa4 48. Rb2 Bd8 49. Rb8 Ra3+ 50. Kd2 Ba5+ 51. Ke2 Ra2+ 52. Kf3 Ra3 53. Ke2 Ra2+ 54. Kd1 Ra1+ 55. Kc2 Ra3 56. Re8+ Kd6 57. c5+ Kc6 58. Re6+ Kb5 59. Bg5 Rxg3 60. Rxg6 Rc3+ 61. Kd1 Rxc5 62. Rh6 Rc4 63. Rxh5 Rxe4 64. Rh8 Kc4 65. Rf8 Re1+ 66. Kc2 Re2+ 67. Kd1 Re1+ 68. Kc2 Re2+ 69. Kd1 Rh2 70. Rf5 Bc3 71. Bf6 Kb3 72. h5 a5 73. h6 a4 74. Rf3 Rd2+ 75. Kc1 Rc2+ 76. Kd1 Rd2+ 77. Kc1 Rc2+ 78. Kd1 a3 79. Rxc3+ Rxc3 80. h7 a2 0-1

[Event "ECC"]
[Site "Rethymnon"]
[Date "2003.10.03"]
[Round "6"]
[White "McShane, Luke J"]
[Black "Azmaiparashvili, Zurab"]
[Result "1/2-1/2"]
[WhiteElo "2619"]
[BlackElo "2702"]
[PlyCount "131"]
[EventDate "2003.09.28"]
[Source "Roberto Alvarez"]
[SourceDate "2003.10.06"]

1. e4 d6 2. d4 Nf6 3. f3 e5 4. d5 Be7 5. c4 Nh5 6. Be3 Bg5 7. Bf2 g6 8. g4 Nf4 9. h4 Be7 10. Ne2 h5 11. g5 f6 12. gxf6 Bxf6 13. Qd2 Nd7 14. Nbc3 g5 15. Nxf4 exf4 16. hxg5 Ne5 17. Be2 Bxg5 18. c5 Bd7 19. O-O-O Qf6 20. c6 bxc6 21. dxc6 Bxc6 22. Bb5 Bxb5 23. Nxb5 Rb8 24. Qd5 a6 25. Nd4 Kd7 26. Qa5 Rb6 27. Qa4+ Kc8 28. Ne2 Rxb2 29. Kxb2 Nd3+ 30. Kc2 Nxf2 31. Qxa6+ Kd7 32. Qb5+ Kc8 33. Rd5 Nxh1 34. Rxg5 Ng3 35. Nc3 Nf1 36. Qa6+ Kd8 37. Rb5 Ne3+ 38. Kd3 Kd7 39. Rb7 Rc8 40. Qb5+ Ke6 41. Qxh5 Rh8 42. Qb5 Rc8 43. Qc6 Qg5 44. Nb5 Qg1 45. Nxc7+ Rxc7 46. Rxc7 Qd1+ 47. Kc3 Qc2+ 48. Kb4 Qb2+ 49. Ka5 Qxa2+ 50. Kb6 Qb2+ 51. Qb5 Qxb5+ 52. Kxb5 Ng2 53. Rc3 Ne1 54. Kc4 Ke5 55. Ra3 Nxf3 56. Rxf3 Kxe4 57. Rf1 f3 58. Kc3 Ke3 59. Re1+ Kf4 60. Rf1 Ke3 61. Re1+ Kf4 62. Kd2 f2 63. Re6 f1=N+ 64. Kd3 Ng3 65. Rxd6 Nf5 66. Re6 1/2-1/2

[Event "XII It I"]
[Site "Dos Hermanas"]
[Date "2003.03.28"]
[Round "1.4"]
[White "Dreev, Alexey"]
[Black "Vallejo Pons, Francisco"]
[Result "1/2-1/2"]
[WhiteElo "2690"]
[BlackElo "2629"]
[PlyCount "42"]
[EventDate "2003.03.28"]
[Source "Roberto Alvarez"]
[SourceDate "2003.04.07"]

1. d4 d6 2. e4 Nf6 3. f3 d5 4. e5 Nfd7 5. f4 c5 6. Nf3 Nc6 7. Be3 Qb6 8. Nc3 cxd4 9. Nxd4 e6 10. Qd2 Qxb2 11. Rb1 Qa3 12. Bb5 Ndb8 13. f5 Bb4 14. Rb3 Qa5 15. O-O exf5 16. a3 Bxc3 17. Rxc3 O-O 18. Bxc6 Nxc6 19. Nxc6 bxc6 20. Bh6 d4 21. Qxd4 Qd8 1/2-1/2

[Event "Sanur"]
[Site "?"]
[Date "2000.??.??"]
[Round "?"]
[White "Polgar, Judit"]
[Black "Khalifman, A."]
[Result "1/2-1/2"]
[WhiteElo "2655"]
[BlackElo "2655"]
[PlyCount "46"]
[EventDate "2000.??.??"]
[Source "Chess Informant"]
[SourceDate "2000.02.01"]

1. e4 g6 2. d4 d6 3. Nc3 c6 4. g3 Bg7 5. Bg2 Nf6 6. Nge2 O-O 7. O-O e5 8. h3 Nbd7 9. dxe5 dxe5 10. b3 Re8 11. Be3 b5 12. Qd2 Bb7 13. Rad1 Qc7 14. Qd6 Qxd6 15. Rxd6 Bf8 16. Rd2 Nc5 17. f3 a5 18. Nc1 Ne6 19. N3e2 Bb4 20. c3 Bf8 21. Nd3 Nd7 22. Nf2 Nf6 23. Nd3 Nd7 1/2-1/2

[Event "Dortmund"]
[Site "Dortmund"]
[Date "1994.??.??"]
[Round "6"]
[White "Piket, Jeroen"]
[Black "Epishin, Vladimir"]
[Result "1-0"]
[WhiteElo "2660"]
[BlackElo "2650"]
[PlyCount "57"]
[EventDate "1994.07.??"]
[Source "ChessBase"]

1. d4 d6 2. e4 Nf6 3. Nc3 g6 4. Be3 Bg7 5. Qd2 Ng4 6. Bg5 h6 7. Bh4 c6 8. h3 Nf6 9. f4 b5 10. Bd3 b4 11. Nce2 a5 12. Nf3 O-O 13. O-O d5 14. Bxf6 dxe4 15. Bxg7 exd3 16. Bxf8 dxe2 17. Qxe2 Kxf8 18. Rfe1 Be6 19. a3 Na6 20. Qe5 Kg8 21. Nh4 Bc8 22. Qxe7 Qxd4+ 23. Kh1 Qxb2 24. Nxg6 Be6 25. Qb7 Rb8 26. Ne7+ Kf8 27. Qxa6 bxa3 28. Qxa5 a2 29. Nxc6 1-0

[Event "Bastia FRA, Corsica Masters 2005"]
[Site "?"]
[Date "2005.11.03"]
[Round "1.6"]
[White "Fressinet Laurent"]
[Black "Bologan Viktor"]
[Result "1-0"]
[WhiteElo "2624"]
[BlackElo "2682"]
[PlyCount "95"]
[EventDate "2005.??.??"]
[Source "www.chesslib.no"]
[SourceDate "2004.05.04"]

1. e4 d6 2. d4 Nf6 3. Nc3 e5 4. Nge2 g6 5. f3 Bg7 6. Be3 O-O 7. Qd2 exd4 8. Nxd4 d5 9. e5 Nfd7 10. e6 Ne5 11. exf7+ Nxf7 12. O-O-O c5 13. Nb3 d4 14. Bc4 Qe8 15. Nxd4 cxd4 16. Bxd4 Bxd4 17. Qxd4 Nc6 18. Qd2 Nce5 19. Bd5 Nd7 20. Rhe1 Qd8 21. Be6 Qh4 22. Bxd7 Bxd7 23. Qxd7 Qxh2 24. Ne4 Qf4+ 25. Kb1 Rad8 26. Qa4 a6 27. Qb4 b5 28. Qc3 Rxd1+ 29. Rxd1 Qe5 30. Qc6 Ng5 31. Nc3 Qe6 32. Qd5 Qxd5 33. Nxd5 Ne6 34. c3 h5 35. Re1 Kf7 36. Kc2 g5 37. Re5 Rg8 38. Re4 h4 39. a4 Rd8 40. Ne3 Nf4 41. axb5 axb5 42. Re5 Re8 43. Rxg5 Rxe3 44. Rf5+ Kg6 45. Rxf4 Re2+ 46. Kb3 Rxg2 47. Rxh4 Rg5 48. Rg4 1-0

[Event "Chess Masters 3rd"]
[Site "Enghien les Bains"]
[Date "1999.03.04"]
[Round "2"]
[White "Sadler, Matthew"]
[Black "Tkachiev, Vladislav"]
[Result "0-1"]
[WhiteElo "2667"]
[BlackElo "2634"]
[PlyCount "88"]
[EventDate "1999.03.03"]
[Source "ChessBase"]
[SourceDate "1999.06.08"]

1. d4 d6 2. e4 Nf6 3. f3 c5 4. d5 g6 5. c4 Bg7 6. Ne2 O-O 7. Nec3 e6 8. Be3 Na6 9. Be2 Nc7 10. a4 Nfe8 11. Qd2 f5 12. O-O Nf6 13. e5 dxe5 14. Bxc5 Rf7 15. dxe6 Nxe6 16. Qxd8+ Nxd8 17. Nb5 Nc6 18. N1c3 Be6 19. Bf2 Bf8 20. Rad1 a6 21. Na3 Nd4 22. Rfe1 Rc8 23. Bd3 Nc6 24. Nc2 Rd7 25. Bb6 Be7 26. Bf1 Kf7 27. b3 Bd8 28. Rxd7+ Nxd7 29. Bxd8 Rxd8 30. b4 a5 31. Rb1 Nxb4 32. Nxb4 axb4 33. Rxb4 Nc5 34. Rb5 Rc8 35. Rb6 Bd7 36. a5 Ra8 37. Nd5 Rxa5 38. Nf6 Bc6 39. Nxh7 Ra1 40. Kf2 Ra2+ 41. Ke1 e4 42. Ng5+ Kf6 43. f4 Ke7 44. Rb1 Nd3+ 0-1

[Event "Belfort Comtois 4th"]
[Site "Belfort"]
[Date "1999.12.21"]
[Round "9"]
[White "Zvjaginsev, Vadim"]
[Black "Gurevich, Mikhail"]
[Result "1/2-1/2"]
[WhiteElo "2652"]
[BlackElo "2643"]
[PlyCount "73"]
[EventDate "1999.12.13"]
[Source "ChessBase"]
[SourceDate "2000.04.05"]

1. d4 d6 2. e4 Nf6 3. Nc3 g6 4. g3 Bg7 5. Bg2 O-O 6. Nf3 Bg4 7. h3 Bxf3 8. Qxf3 Nc6 9. d5 Nd4 10. Qd1 Nd7 11. Nb1 c6 12. c3 Nb5 13. O-O a5 14. a4 Nc7 15. Na3 Na6 16. Be3 Qc7 17. h4 Nac5 18. h5 Qb6 19. hxg6 hxg6 20. Qb1 Qc7 21. Nc2 e6 22. dxe6 Nxe6 23. Nd4 Nec5 24. Qc2 Nf6 25. Nb3 Nxb3 26. Qxb3 Rfe8 27. Qc2 Re6 28. Bd4 Rae8 29. Bxf6 Bxf6 30. Qb3 Qb8 31. Qb6 Bd8 32. Qd4 Bc7 33. b4 Bd8 34. Rab1 Bf6 35. Qb6 Bd8 36. Qd4 Bf6 37. Qb6 1/2-1/2

[Event "Munchen"]
[Site "?"]
[Date "1992.??.??"]
[Round "?"]
[White "Yusupov, A."]
[Black "Speelman, J."]
[Result "1/2-1/2"]
[WhiteElo "2655"]
[BlackElo "2630"]
[PlyCount "66"]
[EventDate "1992.??.??"]
[Source "ChessBase"]
[SourceDate "1992.02.01"]

1. d4 g6 2. Nf3 Bg7 3. e4 d6 4. Bd3 Nf6 5. O-O O-O 6. c3 c5 7. h3 Nc6 8. d5 Na5 9. Na3 b6 10. Bd2 e6 11. c4 Re8 12. Re1 Nd7 13. Rb1 Ne5 14. Nxe5 Bxe5 15. f4 Bg7 16. Qf3 a6 17. b3 Bd7 18. Kh1 exd5 19. cxd5 b5 20. f5 Rc8 21. f6 Bh8 22. Rf1 c4 23. bxc4 bxc4 24. Bxa5 Qxa5 25. Nxc4 Qc7 26. Nb6 Rb8 27. Rfc1 Qd8 28. Nxd7 Rxb1 29. Rxb1 Qxd7 30. Bxa6 Qa4 31. Rb6 h6 32. Rxd6 Rxe4 33. Qc3 Re8 1/2-1/2

[Event "IX Foxwoods Open"]
[Site "Mashantucket USA"]
[Date "2007.04.08"]
[Round "9"]
[White "Kraai, Jesse"]
[Black "Izoria, Zviad"]
[Result "0-1"]
[WhiteElo "2561"]
[BlackElo "2722"]
[PlyCount "70"]
[EventDate "2007.04.04"]
[Source "www.chesslib.no"]
[SourceDate "2004.05.04"]

1. Nf3 g6 2. e4 Bg7 3. d4 d6 4. Bd3 Nf6 5. O-O O-O 6. Re1 Nc6 7. d5 Nb4 8. Bf1 a5 9. c4 Bg4 10. Nbd2 c6 11. h3 Bd7 12. Nb1 a4 13. Bd2 Na6 14. Nc3 Nc5 15. dxc6 Bxc6 16. e5 Bxf3 17. gxf3 dxe5 18. Rxe5 Nfd7 19. Re3 e6 20. Qc2 Ne5 21. Rae1 Nc6 22. Nb5 Nd4 23. Nxd4 Bxd4 24. Ra3 Qf6 25. Bc1 Rfd8 26. f4 Ra6 27. b4 axb3 28. axb3 Rxa3 29. Bxa3 Qxf4 30. Bxc5 Bxc5 31. Re2 Rd4 32. Re3 Qg5+ 33. Bg2 Qd8 34. Bxb7 Rd1+ 35. Kg2 Bxe3 0-1

[Event "Ohrid 82/(97)"]
[Site "?"]
[Date "2001.??.??"]
[Round "?"]
[White "Macieja, B."]
[Black "Ponomariov, R."]
[Result "1/2-1/2"]
[WhiteElo "2608"]
[BlackElo "2673"]
[PlyCount "37"]
[EventDate "2001.??.??"]
[Source "Chess Informant"]
[SourceDate "2001.06.01"]

1. e4 d6 2. d4 Nf6 3. Bd3 g6 4. Nf3 Bg7 5. O-O O-O 6. c3 Nc6 7. Bg5 h6 8. Bh4 e5 9. dxe5 Nxe5 10. Nxe5 dxe5 11. Na3 c6 12. Qf3 Bg4 13. Qe3 Be6 14. Bc4 Bxc4 15. Nxc4 Nd5 16. exd5 Qxh4 17. Nxe5 cxd5 18. Nf3 Qc4 19. Rfe1 1/2-1/2